| 000 | 00647nam a2200193Ia 4500 | ||
|---|---|---|---|
| 003 | IN-BaIIA | ||
| 008 | 211028s9999 xx 000 0 eng d | ||
| 020 | _a0-8243-1544-8 | ||
| 040 | _cIIA Library | ||
| 080 |
_a(05)539.1 _bANN-44 |
||
| 100 |
_aQuigg, chris _919313 |
||
| 245 | 0 |
_aAnnual review of nuclear and pticle science _bvol. 44 _cchris Quigg and vera Luth |
|
| 260 |
_aPalo Alto _bAnnual Reviews _c1994 |
||
| 300 | _axi, 730p. | ||
| 650 |
_aAnnual Reviews-Nuclear and pticle Sciences _919314 |
||
| 650 | _aAstronomy and Astrophysics Thesaurus | ||
| 700 |
_aLuth, Vera _919315 |
||
| 942 | _cBK | ||
| 999 |
_c11266 _d11266 |
||